Just for fun : (Record no. 164)

MARC details
000 -LEADER
fixed length control field 01166cam a22003134a 4500
001 - CONTROL NUMBER
control field 12252055
005 - DATE AND TIME OF LATEST TRANSACTION
control field 20200421093821.0
008 - FIXED-LENGTH DATA ELEMENTS--GENERAL INFORMATION
fixed length control field 001207s2001 nyu 000 0beng
010 ## - LIBRARY OF CONGRESS CONTROL NUMBER
LC control number 00054199
020 ## - INTERNATIONAL STANDARD BOOK NUMBER
International Standard Book Number 0066620724 (hc)
040 ## - CATALOGING SOURCE
Original cataloging agency DLC
Transcribing agency DLC
Modifying agency DLC
042 ## - AUTHENTICATION CODE
Authentication code pcc
043 ## - GEOGRAPHIC AREA CODE
Geographic area code e-fi---
050 00 - LIBRARY OF CONGRESS CALL NUMBER
Classification number QA76.2.T67
Item number T67 2001
082 00 - DEWEY DECIMAL CLASSIFICATION NUMBER
Classification number 005.1/092
-- B
Edition information 21
100 1# - MAIN ENTRY--PERSONAL NAME
Personal name Torvalds, Linus,
Dates associated with a name 1969-
245 10 - TITLE STATEMENT
Title Just for fun :
Remainder of title the story of an accidental revolutionary /
Statement of responsibility, etc. Linus Torvalds and David Diamond.
250 ## - EDITION STATEMENT
Edition statement 1st ed.
260 ## - PUBLICATION, DISTRIBUTION, ETC.
Place of publication, distribution, etc. New York, NY :
Name of publisher, distributor, etc. HarperBusiness,
Date of publication, distribution, etc. c2001.
300 ## - PHYSICAL DESCRIPTION
Extent xxii, 262 p. ;
Dimensions 25 cm.
600 10 - SUBJECT ADDED ENTRY--PERSONAL NAME
Personal name Torvalds, Linus,
Dates associated with a name 1969-
630 00 - SUBJECT ADDED ENTRY--UNIFORM TITLE
Uniform title Linux.
9 (RLIN) 204
650 #0 - SUBJECT ADDED ENTRY--TOPICAL TERM
Topical term or geographic name entry element Computer programmers
Geographic subdivision Finland
Form subdivision Biography.
9 (RLIN) 832
700 1# - ADDED ENTRY--PERSONAL NAME
Personal name Diamond, David.
9 (RLIN) 205
856 42 - ELECTRONIC LOCATION AND ACCESS
Materials specified Publisher description
Uniform Resource Identifier <a href="http://www.loc.gov/catdir/description/hc043/00054199.html">http://www.loc.gov/catdir/description/hc043/00054199.html</a>
906 ## - LOCAL DATA ELEMENT F, LDF (RLIN)
a 7
b cbc
c orignew
d 1
e ocip
f 20
g y-gencatlg
942 ## - ADDED ENTRY ELEMENTS (KOHA)
Source of classification or shelving scheme Dewey Decimal Classification
Koha item type Books
Holdings
Withdrawn status Lost status Damaged status Not for loan Collection Home library Current library Shelving location Date acquired Barcode Date last seen Price effective from Koha item type
        Reference Centerville Centerville General stacks 09/04/2014 39999000006995 09/04/2014 09/04/2014 Books
        Reference Centerville Centerville General stacks 09/04/2014 39999000007015 09/04/2014 09/04/2014 Books
        Reference Centerville Centerville General stacks 09/04/2014 39999000007039 09/04/2014 09/04/2014 Books
        Reference Centerville Centerville General stacks 09/04/2014 39999000007053 09/04/2014 09/04/2014 Books